000 00950nam a22002657a 4500
001 BR8306618
003 BR-BrBNA
005 20230928091836.0
007 ta
008 230509b bl.||||| |||| 00| 0 por d
040 _aBR-BrBNA
_bpor
_cBiblioteca Nacional de Agricultura
041 _a(Por)
072 _aE13
_b/G514
090 _ E13 BR8306618
100 1 _aTrevisan, A.
110 1 _aAssociacao de Credito e Assistencia Rural de Santa Catarina, Florianopolis (Brasil);
110 1 _aEmpresa de Assistencia Tecnica e Extensao Rural do Estado de Santa Catarina, Florianopolis (Brasil)
_94031
245 1 _aGuia de planejamento e credito rural [Brasil]
260 3 _aFlorianopolis, SC (Brasil):
_c1983.
300 _a4 p.
500 _a(*) Documento disponível no(a) Associacao de Credito e Assistencia Rural de Santa Catarina, Florianopolis (Brazil)
650 _aCREDITO RURAL
909 _a202309
_bLucia
_c55
_dLucia Elande
942 _cBK
999 _c35833
_d35833